|
|
|
|
| LEADER |
00000nam0a2200000 4500 |
| 001 |
333141 |
| 005 |
20231102004527.0 |
| 035 |
|
|
|a (RuTPU)RU\TPU\book\359136
|
| 090 |
|
|
|a 333141
|
| 100 |
|
|
|a 20170607d1964 km y0rusy50 ca
|
| 101 |
0 |
|
|a rus
|
| 102 |
|
|
|a RU
|
| 105 |
|
|
|a a z 001zy
|
| 200 |
1 |
|
|a Пробоотборники газов и жидкостей
|f А. А. Искандарян
|
| 210 |
|
|
|a Москва
|a Ленинград
|c Энергия
|d 1964
|
| 215 |
|
|
|a 40 с.
|c ил.
|
| 225 |
1 |
|
|a Библиотека по автоматике
|v Вып. 98
|
| 320 |
|
|
|a Библиогр.: с. 36-37
|
| 606 |
1 |
|
|a Пробоотборники
|2 stltpush
|3 (RuTPU)RU\TPU\subj\31248
|9 54151
|
| 610 |
1 |
|
|a газы
|
| 610 |
1 |
|
|a жидкости
|
| 610 |
1 |
|
|a назначение
|
| 610 |
1 |
|
|a классификация
|
| 610 |
1 |
|
|a пробы
|
| 610 |
1 |
|
|a отбор
|
| 610 |
1 |
|
|a автоматизация
|
| 675 |
|
|
|a 66.021
|v 4
|
| 700 |
|
1 |
|a Искандарян
|b А. А.
|g Ашот Арутюнович
|
| 801 |
|
1 |
|a RU
|b 63413507
|c 20170607
|
| 801 |
|
2 |
|a RU
|b 63413507
|c 20201120
|g RCR
|
| 942 |
|
|
|c BK
|